Online
Catalog

Riego por gravedad y drenaje de tierras agrícolas / (Record no. 46012)

MARC details
000 -CABECERA
campo de control de longitud fija 01600nam a2200313 a 4500
001 - NÚMERO DE CONTROL
campo de control 000046523
003 - IDENTIFICADOR DEL NÚMERO DE CONTROL
campo de control DO-SdBNP
005 - FECHA Y HORA DE LA ÚLTIMA TRANSACCIÓN
campo de control 20220613132910.0
007 - CAMPO FIJO DE DESCRIPCIÓN FÍSICA--INFORMACIÓN GENERAL
campo de control de longitud fija ta
008 - DATOS DE LONGITUD FIJA--INFORMACIÓN GENERAL
campo de control de longitud fija 150821s2015 dr cd 000 0 spa d
020 ## - NÚMERO INTERNACIONAL ESTÁNDAR DEL LIBRO
Número Internacional Estándar del Libro 9789945166859
040 ## - FUENTE DE LA CATALOGACIÓN
Centro catalogador/agencia de origen DO-SdBNP
Lengua de catalogación spa
Centro/agencia transcriptor BNPHU
082 #4 - NÚMERO DE LA CLASIFICACIÓN DECIMAL DEWEY
Número de clasificación 631.62
Número de documento/Ítem S715r
Número de edición 22
100 1# - ENTRADA PRINCIPAL--NOMBRE DE PERSONA
Nombre de persona Sosa Valerio, Ariosto Antonio
9 (RLIN) 2705
245 10 - MENCIÓN DE TÍTULO
Título Riego por gravedad y drenaje de tierras agrícolas /
Mención de responsabilidad, etc. Ariosto Antonio Sosa Valerio ; prólogo José Rafael Núñez Mármol.
260 ## - PUBLICACIÓN, DISTRIBUCIÓN, ETC.
Lugar de publicación, distribución, etc. Santo Domingo :
Nombre del editor, distribuidor, etc. Instituto Politécnico Loyola,
Fecha de publicación, distribución, etc. 2015.
300 ## - DESCRIPCIÓN FÍSICA
Extensión 192 p. :
Otras características físicas il., gráfs., retrs. ;
Dimensiones 23 cm.
505 0# - NOTA DE CONTENIDO CON FORMATO
Nota de contenido con formato Riego por gravedad --
Título Acondicionamiento del terreno para riego por superficie --
-- Capacidad de almacenaje de agua de los suelos --
-- Manejo del Riego a nivel de finca --
-- Métodos de riego --
-- Riego por inundación --
-- Diseños de canales de suministro --
-- Objetivos--
-- Drenajes --
-- El saneamiento agrícola.
505 0# - NOTA DE CONTENIDO CON FORMATO
Nota de contenido con formato Deslizamiento superficial del agua --
Título Métodos de drenaje superficial --
-- Diseño de la red colectora --
-- Drenaje de tierras salinas y sódicas --
-- Drenaje de cultivo en secano--
-- Referencias.
590 ## - NOTA LOCAL (RLIN)
Nota local Inventariado, 2022/BT
590 ## - NOTA LOCAL (RLIN)
Nota local La biblioteca posee dos ejemplares auto biografiados
650 #4 - PUNTO DE ACCESO ADICIONAL DE MATERIA--TÉRMINO DE MATERIA
Término de materia o nombre geográfico como elemento de entrada Abastecimiento de agua rural
9 (RLIN) 2708
650 #4 - PUNTO DE ACCESO ADICIONAL DE MATERIA--TÉRMINO DE MATERIA
Término de materia o nombre geográfico como elemento de entrada Agua en agricultura
Subdivisión geográfica República Dominicana
9 (RLIN) 74508
650 #4 - PUNTO DE ACCESO ADICIONAL DE MATERIA--TÉRMINO DE MATERIA
Término de materia o nombre geográfico como elemento de entrada Riego
9 (RLIN) 74509
650 #4 - PUNTO DE ACCESO ADICIONAL DE MATERIA--TÉRMINO DE MATERIA
Término de materia o nombre geográfico como elemento de entrada Tecnología agrícola
9 (RLIN) 74510
700 1# - PUNTO DE ACCESO ADICIONAL--NOMBRE DE PERSONA
Nombre de persona Núñez Mármol, José Rafael,
Término indicativo de función/relación pról.
9 (RLIN) 81746
910 ## - DATOS DE OPCIÓN DEL USUARIO (OCLC)
Datos de opción del usuario Validado. Control de calidad MFF
942 ## - ELEMENTOS DE PUNTO DE ACCESO ADICIONAL (KOHA)
Fuente del sistema de clasificación o colocación Dewey Decimal Classification
Tipo de ítem Koha Libro
Holdings
Estado de retiro Estado de pérdida Fuente del sistema de clasificación o colocación Restricciones de uso No para préstamo Código de colección Localización permanente Ubicación/localización actual Ubicación en estantería Fecha de adquisición Fuente de adquisición Signatura topográfica completa Código de barras Fecha visto por última vez Número de copia Precio válido a partir de Tipo de ítem Koha Nota pública
    Dewey Decimal Classification Préstamo en sala   Dominicana de Servicio Biblioteca Nacional Pedro Henríquez Ureña Biblioteca Nacional Pedro Henríquez Ureña Depósito 21.08.2015 Depósito Legal BNPHU DS 631.62 S715r 46523-30 25.06.2020 e.3 25.06.2020 Libro  
    Dewey Decimal Classification Préstamo en sala   Dominicana de Servicio Biblioteca Nacional Pedro Henríquez Ureña Biblioteca Nacional Pedro Henríquez Ureña Depósito 28.01.2019 Donación BNPHU DS 631.62 S715r 46523-40 25.06.2020 e.4 25.06.2020 Libro Autografiado
    Dewey Decimal Classification Préstamo en sala   Dominicana de Servicio Biblioteca Nacional Pedro Henríquez Ureña Biblioteca Nacional Pedro Henríquez Ureña Depósito 28.01.2019 Donación BNPHU DS 631.62 S715r 46523-50 25.06.2020 e.5 25.06.2020 Libro Autografiado
    Dewey Decimal Classification Excluido de préstamo   Patrimonio Dominicano Biblioteca Nacional Pedro Henríquez Ureña Biblioteca Nacional Pedro Henríquez Ureña Depósito 21.08.2015 Depósito Legal BNPHU PD 631.62 S715r 46523-10 25.06.2020   25.06.2020 Libro  
    Dewey Decimal Classification Excluido de préstamo   Patrimonio Dominicano Biblioteca Nacional Pedro Henríquez Ureña Biblioteca Nacional Pedro Henríquez Ureña Depósito 21.08.2015 Depósito Legal BNPHU PD 631.62 S715r 46523-20 25.06.2020 e.2 25.06.2020 Libro  

Powered by Koha